| 000 | 00658nam a2200265Ia 4500 | ||
|---|---|---|---|
| 003 | OSt | ||
| 005 | 20221007102344.0 | ||
| 006 | a|||||r|||| 00| 0 | ||
| 007 | ta | ||
| 008 | 221006b |||||||| |||| 00| 0 eng d | ||
| 024 | _a10,122 | ||
| 037 | _cTextual | ||
| 040 |
_aLCO _cLCO _beng |
||
| 041 |
_2eng _aeng |
||
| 082 | _aV2:57:(Z), P2 | ||
| 100 | _aBasu D.D. Au. | ||
| 245 | 0 | _aLaw Of Press | |
| 250 | _a4th | ||
| 260 |
_aNagpur _bWadhwa & Co. India _c2002 |
||
| 300 | _a897 | ||
| 490 | _vRef | ||
| 650 |
_aLAW OF THE PRESS _9704483 |
||
| 942 |
_hV2:57:(Z), P2 _cTEXL |
||
| 999 |
_c1179685 _d1179685 |
||